Hunter x Hunter Nen types - Statistics

General Stats
  • This quiz has been taken 219 times
  • The average score is 5 of 6
Answer Stats
Hint Answer % Correct
1 Enhancer
88%
6 Specialist
85%
3 Manipulator
78%
2 Conjurer
77%
4 Emitter
75%
5 Transmuter
75%
No matching quizzes found
Score Distribution
Percent of People with Each Score
Percentile by Number Answered
Your Score History
You have not taken this quiz